01007cam a2200265 a 450000100100000000500170001000800410002702000150006804000300008308200180011310000360013124500720016726000640023930000350030349000090033850400570034765100570040465100520046165100310051383000160054491000330056004900090059395201220060299900170072400001924420200929165947.0800620s1979 cr ab b f000 0 spa d a8483600056 aDO-SdBNPbspacDLCdBNPHU a972.86bS333f1 aSchifter, Jacobo,d1952-94141013aLa fase oculta de la guerra civil en Costa Rica /cJacobo Schifter. aCosta Rica :bUniversitaria Centroamericana (EDUCA),c1979. a158 p. :bil., mapas ;c18 cm.1 aSeis aIncluye referencias bibliográficas: p. [153] -156. 4aCosta RicaxPolítica Y Gobiernoy1821-1948.941411 4aCosta RicaxHistoriaxRevolucióny1948941412 4aCosta RicaxHistoria99069 0aSeis941413 aCatalogación derivada / LC aBNGR 001054708MOaGRbGRcCTd2010-05-28iLF1l0o972.86 S333fp19244-10r2020-06-25w2020-06-25y4ZPréstamo en sala c18762d18762